Pokemon - Dragon - Statistiques

Statistiques générales
  • Ce quiz a été pris 30 fois
  • Le résultat moyen est 15 sur 20
Statistiques - réponses
Question fracassante Rhoaaaaaar % Correct
J'ai un Carchacrok Cynthia
93%
Je suis l'évolution d'un hypocampe Hyporoi
93%
Je peux utiliser mes petits comme des munitions Lanssorien
89%
Pokemon cellulaire Zygarde
89%
Attaque se répétant jusqu'à la confusion du lanceur Colère
86%
Jeu dont Rayquaza est le pokemon phare Emeraude
86%
Je viens du passé et j'ai un grand cou Ire-foudre
86%
Je suis un sushi Nigirigon
86%
Membre du conseil 4 devenant maître Peter
86%
J'évolue sous la pluie Colimucus
82%
Je permet de me booster en dansant Danse Draco
82%
Attaque remplaçant le pokemon adversaire Draco Queue
82%
Seul double type Fée-Dragon Méga-Altaria
82%
J'espère que ça forme gigamax a un ascenseur Duralugon
79%
Forme présent des légendaires de la 9G Motorizar
75%
Objet augmentant les attaques dragon Croc dragon
68%
Déclenche la fusion de Kyurem avec Reshiram ou Zekrom Pointeau ADN
68%
Transforme une attaque de Ekaïser en attaque Z Ekaïzélite
21%
Capacité signature de Méga-Zygarde Lux Nihilum
21%
Transforme Palkia en sa forme Originelle Globe perlé
7%
Aucun quiz correspondant
Distribution des résultats
% des personnes avec chaque résultat
Percentile par nombre de réponses
Votre historique - résultats
Vous n’avez pas pris ce quiz